| 000 | 01053nam a2200241 a 4500 | ||
|---|---|---|---|
| 001 | 000045362 | ||
| 005 | 20201002050110.0 | ||
| 008 | 150305s2014 dr ac 000 0 spa d | ||
| 020 | _a9789945081589 | ||
| 040 |
_aDO-SdBNP _bspa _cBNPHU |
||
| 082 |
_axxxx _bxxxx |
||
| 100 | 1 |
_aMéndez Peralta, Francisco Alexis _973398 |
|
| 245 | 1 | 0 |
_aSalsa desde mi balcón : _brelatos y alegatos de un melómano / _cFrancisco Alexis Méndez Peralta ; edición Héctor Luis Martínez ; presentación Bolívar Troncoso Morales. |
| 260 |
_aSanto Domingo : _bIPGH, _c2014. |
||
| 300 |
_a312 p. : _bil., retrs. ; _c23 cm. |
||
| 500 | _aIncluye índice onomástico | ||
| 500 | _aIncluye datos biográficos del autor en las solapas. | ||
| 500 | _aIncluye referencias bibliográficas y notas al pie de las páginas. | ||
| 504 | _aBibliografía : p. 297-301 | ||
| 710 | 1 | 2 |
_aInstituto Panamericano de Geografía e Historia, Sección Nacional Dominicana (IPGH) _973399 |
| 700 | 1 | 2 |
_aMartínez, Héctor Luis _eed. _99580 |
| 700 | 1 | 2 |
_aTroncoso Morales, Bolívar _epresent. _910922 |
| 999 |
_c44851 _d44851 |
||